000 004280000a22001690004500
003 MACL
005 20160101121224.0
008 160101b xxu||||| |||| 00| 0 eng d
040 _aMACL
_cMACL
041 _aEnglish
082 _a343/STE
100 _aStephen, H L
_924930
245 _aState Trials
_bPolitical and Social VOL 4
260 _bDuckworth & co
_c1902
_aLondon
650 _aLaws
_926208
942 _cBK
_k343/STE
_2ddc
999 _c37345
_d37345